000 00813nam a2200265Ia 4500
001 Z_4633
003 CHAP
008 220113s2=00 xx 000 0 und d
010 _a167708
040 _cCHAP
082 _a636.4 T78
100 _aTrujillo Ortega, María Elena Ed.
_9141974
245 _aLa piara reproductora /
_cEd. por María Elena Trujillo Ortega, Roberto G. Martínez Gamba y Marco Antonio Herradora Lozano
260 _aMéxico, D. F. :
_bMundi-Prensa,
_c2002
300 _a245 p.
503 _aC/E
650 _aGanado porcino
_xCría de
_945350
650 _aGanado porcino
_xReproducción I. Martínez Gamba, Roberto G. II. Herradora Lozano, Marco antonio III. t.
_9141975
901 _a636.4 T78
902 _aM
910 _a2=00
942 _c1
942 _cc1
999 _c167708
_d167708